00314cam a22001097a 4500008004000000082001400040100002100054245007200075260002800147300001000175650001900185180718b1966 xxu||||| |||| 00| 0 eng d aRx54 G346 aGhosh, Subratesh aIndian labour in the phase of industrializationcby Subratesh Ghosh aCalcuttabNew Agec1966 a194p. aLabour - India